| 000 | 00620nam a2200229Ia 4500 | ||
|---|---|---|---|
| 003 | OSt | ||
| 005 | 20221007075324.0 | ||
| 006 | a|||||r|||| 00| 0 | ||
| 007 | ta | ||
| 008 | 221006b |||||||| |||| 00| 0 eng d | ||
| 024 | _a17,758 | ||
| 037 | _cTextual | ||
| 040 |
_aFLL _cFLL _beng |
||
| 041 |
_2eng _aeng |
||
| 082 | _aY:433.2.N6, L7 | ||
| 100 | _aGhosh B.N. | ||
| 245 | 0 | _aDisguised unemployment in underdeveloped countries | |
| 260 |
_aNew Delhi _bHeritage Publishers India _c1977 |
||
| 300 |
_a152p _ccm. |
||
| 942 |
_hY:433.2.N6, L7 _cTEXL _2CC |
||
| 999 |
_c1155618 _d1155618 |
||